[Event "ITA-chT Final 56th"]
[Site "Darfo Boario Terme"]
[Date "2025.04.09"]
[Round "4.29"]
[White "Nasuta, Grzegorz"]
[Black "Moroni, Luca Jr"]
[Result "1/2-1/2"]
[WhiteElo "2494"]
[BlackElo "2545"]
[PlyCount "58"]
[EventDate "2025.04.07"]
[EventType "team-swiss"]
[EventRounds "9"]
[EventCountry "ITA"]
[SourceTitle "CB16_2025"]
[SourceDate "2025.04.16"]
[SourceVersion "1"]
[SourceVersionDate "2025.04.16"]
[SourceQuality "1"]
[WhiteTeam "Dragone Master"]
[BlackTeam "Cerianese Scacchistica"]
[WhiteTeamCountry "ITA"]
[BlackTeamCountry "ITA"]

1. e4 e5 2. Nf3 Nc6 3. Bc4 Bc5 4. c3 Nf6 5. d3 d6 6. 0-0 a6 7. a4 Ba7 8. Nbd2 h6 9. Re1 g5 10. b4 Nh7 11. Rf1 0-0 12. Nb3 Kg7 13. d4 f5 14. exf5 d5 15. Be2 e4 16. Ne1 Bxf5 17. f4 Ne7 18. Nc2 c6 19. Ne3 Bb8 20. Nxf5+ Nxf5 21. Nc5 Qe7 22. fxg5 Nxg5 23. Bg4 Nf3+ 24. gxf3 Bxh2+ 25. Kxh2 Qh4+ 26. Kg2 Qg3+ 27. Kh1 Qh4+ 28. Kg2 Qg3+ 29. Kh1 Qh4+ 1/2-1/2

[Event "ITA-chT Final 56th"]
[Site "Darfo Boario Terme"]
[Date "2025.04.08"]
[Round "3.37"]
[White "Moroni, Luca Jr"]
[Black "Molon, Andrea"]
[Result "1-0"]
[WhiteElo "2545"]
[BlackElo "1872"]
[PlyCount "45"]
[EventDate "2025.04.07"]
[EventType "team-swiss"]
[EventRounds "9"]
[EventCountry "ITA"]
[SourceTitle "CB16_2025"]
[SourceDate "2025.04.16"]
[SourceVersion "1"]
[SourceVersionDate "2025.04.16"]
[SourceQuality "1"]
[WhiteTeam "Cerianese Scacchistica"]
[BlackTeam "Il Grifone D’Arzignano"]
[WhiteTeamCountry "ITA"]
[BlackTeamCountry "ITA"]

1. c4 e6 2. Nc3 Nf6 3. e4 Bb4 4. e5 Bxc3 5. dxc3 Ng8 6. Qg4 g6 7. Bg5 Ne7 8. Bf6 h5 9. Qf4 Rh7 10. 0-0-0 c5 11. Nf3 Kf8 12. Ng5 Kg8 13. Nxh7 Kxh7 14. g4 Qf8 15. gxh5 Nbc6 16. Bd3 Nf5 17. hxg6+ fxg6 18. Bxf5 exf5 19. Rd3 Kg8 20. Rh3 Kf7 21. Rh7+ Ke6 22. Rd1 b6 23. Rh8 1-0

[Event "ITA-chT Final 56th"]
[Site "Darfo Boario Terme"]
[Date "2025.04.07"]
[Round "1.13"]
[White "Moroni, Luca Jr"]
[Black "Mastrovasilis, Dimitrios"]
[Result "0-1"]
[WhiteElo "2545"]
[BlackElo "2535"]
[PlyCount "82"]
[EventDate "2025.04.07"]
[EventType "team-swiss"]
[EventRounds "9"]
[EventCountry "ITA"]
[SourceTitle "CB16_2025"]
[SourceDate "2025.04.16"]
[SourceVersion "1"]
[SourceVersionDate "2025.04.16"]
[SourceQuality "1"]
[WhiteTeam "Cerianese Scacchistica"]
[BlackTeam "Partenopea"]
[WhiteTeamCountry "ITA"]
[BlackTeamCountry "ITA"]

1. c4 e6 2. g3 d5 3. Bg2 Nf6 4. Nf3 dxc4 5. Qa4+ Nbd7 6. Qxc4 a6 7. Qc2 c5 8. Nc3 Qc7 9. d4 b5 10. Bf4 Qb6 11. Ne5 Bb7 12. Nxd7 Nxd7 13. d5 Nf6 14. e4 exd5 15. Nxd5 Bxd5 16. exd5 Bd6 17. Qe2+ Kf8 18. Be3 h5 19. h3 g6 20. 0-0 Kg7 21. b4 Rhe8 22. Qd2 a5 23. bxc5 Bxc5 24. Bxc5 Qxc5 25. Rac1 Qb4 26. Qd3 Rad8 27. a3 Qd6 28. Rfd1 b4 29. a4 Rc8 30. Qb5 Rxc1 31. Rxc1 h4 32. g4 Rb8 33. Qxa5 Qf4 34. Rb1 Ne4 35. Qa7 Nc3 36. Re1 b3 37. d6 Qxd6 38. Re7 Ne2+ 39. Rxe2 b2 40. Be4 Qd1+ 41. Kh2 b1Q 0-1

[Event "Titled Tuesday intern op 01st Apr Late"]
[Site "Chess.com INT"]
[Date "2025.04.01"]
[Round "3"]
[White "Moroni, Luca Jr"]
[Black "Badacsonyi, Stanley Ethan Artie"]
[Result "1-0"]
[WhiteElo "2545"]
[BlackElo "2320"]
[PlyCount "39"]
[EventDate "2025.04.01"]
[EventType "swiss (blitz)"]
[EventRounds "11"]
[EventCountry "USA"]
[SourceTitle "CB15_2025"]
[SourceDate "2025.04.09"]
[SourceVersion "1"]
[SourceVersionDate "2025.04.09"]
[SourceQuality "1"]

1. d4 Nf6 2. Bf4 e6 3. e3 b6 4. Nf3 Bb7 5. Nbd2 Be7 6. h3 d6 7. a4 a6 8. c3 Nbd7 9. Bh2 0-0 10. Bd3 Re8 11. 0-0 Bf8 12. Qc2 e5 13. e4 exd4 14. cxd4 c5 15. e5 dxe5 16. dxe5 Nd5 17. Bxh7+ Kh8 18. Qf5 g6 19. Qxf7 Re7 20. Qg8# 1-0

[Event "Titled Tuesday intern op 01st Apr Late"]
[Site "Chess.com INT"]
[Date "2025.04.01"]
[Round "6"]
[White "Nihal, Sarin"]
[Black "Moroni, Luca Jr"]
[Result "0-1"]
[WhiteElo "2687"]
[BlackElo "2545"]
[PlyCount "94"]
[EventDate "2025.04.01"]
[EventType "swiss (blitz)"]
[EventRounds "11"]
[EventCountry "USA"]
[SourceTitle "CB21_2025"]
[SourceDate "2025.05.21"]
[SourceVersion "1"]
[SourceVersionDate "2025.05.21"]
[SourceQuality "1"]

1. e4 e5 2. Nf3 Nc6 3. Bb5 a6 4. Ba4 Nge7 5. Nc3 d6 6. d3 h6 7. a3 Be6 8. 0-0 g5 9. d4 Bg4 10. h3 Bxf3 11. Qxf3 exd4 12. Nd5 Bg7 13. Nf6+ Kf8 14. Nh5 Ng6 15. Nxg7 Kxg7 16. Qg3 Nce5 17. f4 gxf4 18. Rxf4 c5 19. c3 b5 20. cxd4 cxd4 21. Bb3 Rc8 22. Bd2 Qe7 23. Raf1 Rhf8 24. h4 h5 25. Rf6 Nc4 26. Qg5 Qxe4 27. Qh6+ Kg8 28. Bg5 d3 29. R6f5 Qd4+ 30. Kh1 Qg7 31. Qxh5 Qh7 32. Qg4 Rfe8 33. Rxf7 Nge5 34. Qg3 Nxf7 35. Bf6+ Kf8 36. Bc3 Re6 37. Bd1 Rg6 38. Qf4 Re8 39. Bh5 Re7 40. g4 Rh6 41. Qg5 Rxh5 42. gxh5 Qe4+ 43. Kh2 Qe2+ 44. Qg2 Qxg2+ 45. Kxg2 Ne3+ 46. Kf2 Nxf1 47. Kxf1 Ne5 0-1

[Event "Titled Tuesday intern op 01st Apr Early"]
[Site "Chess.com INT"]
[Date "2025.04.01"]
[Round "6"]
[White "Sargsyan, Shant"]
[Black "Moroni, Luca Jr"]
[Result "1-0"]
[WhiteElo "2666"]
[BlackElo "2555"]
[PlyCount "55"]
[EventDate "2025.04.01"]
[EventType "swiss (blitz)"]
[EventRounds "11"]
[EventCountry "USA"]
[SourceTitle "CB15_2025"]
[SourceDate "2025.04.09"]
[SourceVersion "1"]
[SourceVersionDate "2025.04.09"]
[SourceQuality "1"]

1. c4 e6 2. g3 d5 3. Bg2 Nf6 4. Nf3 d4 5. 0-0 c5 6. d3 Nc6 7. e3 h6 8. exd4 cxd4 9. Re1 Bd6 10. Na3 0-0 11. Nc2 e5 12. b4 Nxb4 13. Nxb4 Bxb4 14. Rxe5 Bd7 15. Rb1 Bd6 16. Re1 Bc6 17. Nxd4 Bxg2 18. Kxg2 Bxg3 19. hxg3 Qxd4 20. Rxb7 Rad8 21. Ba3 Ng4 22. Qf3 Ne5 23. Rxe5 Qxe5 24. Bxf8 Rxf8 25. Rxa7 Qe6 26. Ra8 Rxa8 27. Qxa8+ Kh7 28. Qe4+ 1-0

[Event "EU-ch 25th"]
[Site "Eforie Nord"]
[Date "2025.03.26"]
[Round "11"]
[White "Magold, Filip"]
[Black "Moroni, Luca Jr"]
[Result "1/2-1/2"]
[WhiteElo "2435"]
[BlackElo "2555"]
[PlyCount "61"]
[EventDate "2025.03.15"]
[EventType "swiss"]
[EventRounds "11"]
[EventCountry "ROU"]
[SourceTitle "CB13_2025"]
[SourceDate "2025.03.26"]
[SourceVersion "1"]
[SourceVersionDate "2025.03.26"]
[SourceQuality "1"]

1. d4 g6 2. c4 Bg7 3. Nf3 d6 4. Nc3 Nc6 5. d5 Ne5 6. Nxe5 Bxe5 7. e4 Nf6 8. Bd3 0-0 9. 0-0 e6 10. Bg5 exd5 11. exd5 h6 12. Bh4 g5 13. Bg3 Ng4 14. h3 Bxg3 15. fxg3 Ne5 16. Bc2 f5 17. b3 f4 18. Ne2 f3 19. Nd4 g4 20. hxg4 Bxg4 21. gxf3 Qg5 22. fxg4 Qe3+ 23. Kg2 Rxf1 24. Qxf1 Qxd4 25. Qf5 Qxa1 26. Qh7+ Kf8 27. Qxh6+ Kg8 28. Qh7+ Kf8 29. Qh8+ Kf7 30. Qh7+ Kf8 31. Qh6+ 1/2-1/2

[Event "EU-ch 25th"]
[Site "Eforie Nord"]
[Date "2025.03.24"]
[Round "9"]
[White "Talibov, Shiroghlan"]
[Black "Moroni, Luca Jr"]
[Result "1/2-1/2"]
[WhiteElo "2428"]
[BlackElo "2555"]
[PlyCount "84"]
[EventDate "2025.03.15"]
[EventType "swiss"]
[EventRounds "11"]
[EventCountry "ROU"]
[SourceTitle "CB13_2025"]
[SourceDate "2025.03.26"]
[SourceVersion "1"]
[SourceVersionDate "2025.03.26"]
[SourceQuality "1"]

1. e4 c6 2. d4 d5 3. e5 Bf5 4. Be2 e6 5. Nf3 Nd7 6. 0-0 a5 7. Nc3 h6 8. a4 Bh7 9. Bd3 Bxd3 10. Qxd3 Ne7 11. Be3 Qb6 12. Ne2 Qa6 13. Qd2 b5 14. b3 Nb6 15. Nc3 b4 16. Na2 Nf5 17. c3 bxc3 18. Qxc3 Nd7 19. Rfc1 Nxe3 20. Qxe3 Be7 21. Rc3 0-0 22. Ne1 Rfc8 23. Nd3 Qb6 24. Rac1 Rc7 25. f4 Rac8 26. Nc5 Bxc5 27. dxc5 Qb8 28. Rd1 Rb7 29. Nc1 Rb4 30. Rd4 Rxd4 31. Qxd4 f6 32. exf6 Nxf6 33. Rg3 Rf8 34. Ne2 Rf7 35. h3 Ne4 36. Rg6 Qxb3 37. Rxe6 Qc2 38. Qe3 Qxa4 39. Nd4 Rb7 40. Kh2 Qd1 41. Re8+ Kf7 42. Rxe4 dxe4 1/2-1/2

[Event "EU-ch 25th"]
[Site "Eforie Nord"]
[Date "2025.03.23"]
[Round "8"]
[White "Moroni, Luca Jr"]
[Black "Zanan, Evgeny"]
[Result "0-1"]
[WhiteElo "2555"]
[BlackElo "2443"]
[PlyCount "82"]
[EventDate "2025.03.15"]
[EventType "swiss"]
[EventRounds "11"]
[EventCountry "ROU"]
[SourceTitle "CB13_2025"]
[SourceDate "2025.03.26"]
[SourceVersion "1"]
[SourceVersionDate "2025.03.26"]
[SourceQuality "1"]

1. d4 Nf6 2. c4 e6 3. Nc3 Bb4 4. e3 b6 5. Bd3 Bb7 6. Nf3 Ne4 7. 0-0 f5 8. Ne2 Bd6 9. a3 a5 10. b3 0-0 11. Bb2 Qf6 12. Qc2 Qh6 13. Ng3 Na6 14. Rfd1 Bxg3 15. hxg3 d6 16. Qe2 Nb8 17. d5 Nd7 18. dxe6 Ndc5 19. e7 Rf7 20. Bc2 Rxe7 21. b4 Ne6 22. Bb3 a4 23. Ba2 c5 24. bxc5 bxc5 25. Bb1 Rf8 26. Bc2 Bc6 27. Bxe4 fxe4 28. Nh4 Nc7 29. Rd2 g5 30. Rad1 Ne8 31. f4 gxh4 32. Qg4+ Qg6 33. Qxh4 Rb7 34. g4 h6 35. g3 Rff7 36. Rh2 Rh7 37. Qd8 Bd7 38. Qa8 Rb3 39. f5 Qg5 40. Rxd6 Qxe3+ 41. Kf1 Qf3+ 0-1

[Event "EU-ch 25th"]
[Site "Eforie Nord"]
[Date "2025.03.22"]
[Round "7"]
[White "Eren, Ataberk"]
[Black "Moroni, Luca Jr"]
[Result "1/2-1/2"]
[WhiteElo "2402"]
[BlackElo "2555"]
[PlyCount "65"]
[EventDate "2025.03.15"]
[EventType "swiss"]
[EventRounds "11"]
[EventCountry "ROU"]
[SourceTitle "CB13_2025"]
[SourceDate "2025.03.26"]
[SourceVersion "1"]
[SourceVersionDate "2025.03.26"]
[SourceQuality "1"]

1. e4 e5 2. Nf3 Nc6 3. Bb5 a6 4. Ba4 Nge7 5. Nc3 d6 6. 0-0 h6 7. Nd5 b5 8. Bb3 Bb7 9. a4 Na5 10. Ba2 c5 11. b4 Nxd5 12. Bxd5 Bxd5 13. exd5 cxb4 14. axb5 Be7 15. bxa6 Qb6 16. Qe2 f5 17. d3 Qxa6 18. Bd2 Qb5 19. Rfb1 b3 20. c4 Qb6 21. Qe1 Bd8 22. Nxe5 dxe5 23. Qxe5+ Kf7 24. d6 Kg6 25. c5 Qb5 26. Qg3+ Kf7 27. Qf3 Bf6 28. Qxf5 Nb7 29. Qd5+ Kg6 30. Qe4+ Kf7 31. Qd5+ Kg6 32. Qe4+ Kf7 33. Qd5+ 1/2-1/2

[Event "EU-ch 25th"]
[Site "Eforie Nord"]
[Date "2025.03.20"]
[Round "6"]
[White "Moroni, Luca Jr"]
[Black "Kuru, Atilla"]
[Result "1/2-1/2"]
[WhiteElo "2555"]
[BlackElo "2416"]
[PlyCount "73"]
[EventDate "2025.03.15"]
[EventType "swiss"]
[EventRounds "11"]
[EventCountry "ROU"]
[SourceTitle "CB13_2025"]
[SourceDate "2025.03.26"]
[SourceVersion "1"]
[SourceVersionDate "2025.03.26"]
[SourceQuality "1"]

1. d4 d5 2. Nf3 Nf6 3. c3 a5 4. Bg5 Ne4 5. Bf4 c5 6. e3 cxd4 7. exd4 e6 8. Nbd2 Bd6 9. Bxd6 Nxd6 10. Bd3 b6 11. Ne5 Ba6 12. Qa4+ Kf8 13. Bxa6 Rxa6 14. h4 f6 15. Nd3 Kf7 16. 0-0 Re8 17. Rfe1 Nd7 18. Nf4 Nf8 19. Re2 Ng6 20. Nxg6 hxg6 21. Rae1 Ra7 22. Qc2 Rae7 23. Qd3 Rh8 24. g3 Rh5 25. f4 Qd7 26. Kg2 Qb5 27. Qxb5 Nxb5 28. a4 Nd6 29. b3 b5 30. axb5 Nxb5 31. Re3 Rh8 32. Ra1 Ra8 33. Rd3 Rd7 34. Ra4 Rc8 35. c4 dxc4 36. Nxc4 Rcd8 37. Rxa5 1/2-1/2

[Event "Titled Tuesday intern op 11th Mar Early"]
[Site "Chess.com INT"]
[Date "2025.03.11"]
[Round "8"]
[White "Moroni, Luca Jr"]
[Black "Le, Tuan Minh"]
[Result "0-1"]
[WhiteElo "2555"]
[BlackElo "2598"]
[PlyCount "144"]
[EventDate "2025.03.11"]
[EventType "swiss (blitz)"]
[EventRounds "11"]
[EventCountry "USA"]
[SourceTitle "CB12_2025"]
[SourceDate "2025.03.19"]
[SourceVersion "1"]
[SourceVersionDate "2025.03.19"]
[SourceQuality "1"]

1. c4 c6 2. Nf3 d5 3. e3 Nf6 4. Nc3 a6 5. b3 Bf5 6. Bb2 e6 7. d4 Nbd7 8. Be2 Bd6 9. Nh4 Be4 10. Nxe4 Nxe4 11. Nf3 Bb4+ 12. Kf1 0-0 13. Qc2 f5 14. a3 Bd6 15. g3 Ndf6 16. Nd2 Nxd2+ 17. Qxd2 Ne4 18. Qc2 f4 19. exf4 Bxf4 20. gxf4 Rxf4 21. f3 Qh4 22. Bd1 Raf8 23. Qg2 Ng5 24. Rg1 h6 25. Rc1 Re4 26. Qg3 Qh5 27. Rc2 Ref4 28. Rf2 R8f7 29. Be2 Ne4 30. Qxf4 Rxf4 31. fxe4 Qh3+ 32. Rgg2 Rxf2+ 33. Kxf2 Qxb3 34. Bc1 Kh8 35. exd5 cxd5 36. cxd5 Qxd5 37. Be3 Qa2 38. Rg3 g5 39. h4 gxh4 40. Rh3 Qxa3 41. Rxh4 Qf8+ 42. Kg3 Qg7+ 43. Bg4 Qc7+ 44. Bf4 Qc3+ 45. Bf3 Qe1+ 46. Kg4 Kg7 47. Bxh6+ Kf7 48. Bf4 Qg1+ 49. Bg3 Qxd4+ 50. Bf4 Qg1+ 51. Bg3 Kf6 52. Rh6+ Kf7 53. Rh7+ Kg6 54. Rxb7 Kf6 55. Rh7 a5 56. Rh5 a4 57. Rh6+ Ke7 58. Rh7+ Ke8 59. Rh8+ Kf7 60. Rh7+ Kg8 61. Rc7 a3 62. Be4 Qd1+ 63. Kf4 a2 64. Kg5 Qd2+ 65. Kg6 Kf8 66. Ra7 Ke8 67. Be5 Qe3 68. Bc6+ Kd8 69. Bf6+ Kc8 70. Kf7 Qxa7+ 71. Kxe6 a1Q 72. Bxa1 Qxa1 0-1

[Event "Titled Tuesday intern op 11th Mar Late"]
[Site "Chess.com INT"]
[Date "2025.03.11"]
[Round "4"]
[White "Moroni, Luca Jr"]
[Black "Martinez Alcantara, Jose Eduardo"]
[Result "1-0"]
[WhiteElo "2555"]
[BlackElo "2606"]
[PlyCount "79"]
[EventDate "2025.03.11"]
[EventType "swiss (blitz)"]
[EventRounds "11"]
[EventCountry "USA"]
[SourceTitle "CB12_2025"]
[SourceDate "2025.03.19"]
[SourceVersion "1"]
[SourceVersionDate "2025.03.19"]
[SourceQuality "1"]

1. d4 g6 2. e4 Bg7 3. Nc3 a6 4. g4 b5 5. Bg2 Bb7 6. h4 h6 7. h5 g5 8. Nge2 d6 9. Be3 Nd7 10. f4 Ngf6 11. Bf3 b4 12. fxg5 hxg5 13. Nd5 e6 14. Nxf6+ Qxf6 15. 0-0 Qe7 16. a3 bxa3 17. Rxa3 Rc8 18. Qd2 c5 19. Bxg5 Bf6 20. Bxf6 Nxf6 21. e5 Ne4 22. Qf4 d5 23. Bxe4 dxe4 24. Rg3 a5 25. c3 a4 26. h6 Ba6 27. Rf2 Rb8 28. g5 Rxb2 29. g6 fxg6 30. Rxg6 e3 31. Rfg2 Bb7 32. Rg8+ Rxg8 33. Rxg8+ Kd7 34. Rg7 Rb1+ 35. Kh2 Rh1+ 36. Kg3 a3 37. Qf6 Qxg7+ 38. hxg7 a2 39. g8Q a1Q 40. Qgxe6+ 1-0